000
00291nam a2200133Ia 4500
100
_a
Giles/R.V
942
_c
BK
654
_a
Fluid
245
_a
Flluid mechanics and its applications
260
_b
McGraw Hill
_a
Singapore
_c
1983
082
_a
532
_b
GIL
300
_a
275
546
_a
ENGLISH
999
_c
33072
_d
33072